[Event "Regionalliga NW 9596"]
[Site "Bayern"]
[Date "1995.??.??"]
[Round "?"]
[White "Hofstetter, Hans Joachim"]
[Black "Langhammer, Stefan"]
[Result "1-0"]
[WhiteElo "2050"]
[BlackElo "1925"]
[PlyCount "39"]
[EventDate "1995.10.??"]
[EventType "team-tourn"]
[EventRounds "9"]
[EventCountry "GER"]
[SourceTitle "EXT 1999"]
[Source "ChessBase"]
[SourceDate "1998.11.16"]
[SourceVersion "1"]
[SourceVersionDate "1998.11.16"]
[SourceQuality "1"]
[WhiteTeam "Bad Neustadt"]
[BlackTeam "Coburg"]
[WhiteTeamCountry "GER"]
[BlackTeamCountry "GER"]

1. a3 g6 2. Nf3 Nc6 3. d4 Bg7 4. e4 e5 5. d5 Nce7 6. d6 Nc6 7. Nc3 Nf6 8. Nb5 0-0 9. Nxc7 Rb8 10. Bd3 Ne8 11. Bc4 Nxc7 12. Bg5 Qe8 13. dxc7 Ra8 14. Qd6 a6 15. 0-0-0 b5 16. Bd5 Bb7 17. Be7 Qxe7 18. Qxe7 Nxe7 19. Bxb7 Ra7 20. Rxd7 1-0